000 00649nam a22001931 4500
082 0 0 _a624.17762
_bRAM
_cL-19, P-80
100 1 _aRamaswamy, G. S.,
_942973
245 1 0 _aDesign and construction of concrete shell roofs
_c[by] G. S. Ramaswamy.
260 _aNew York,
_bMcGraw-Hill
_c[1968]
300 _ax, 641 p.
_billus.
_c23 cm.
526 _a0
_b0
_c0
_d624_177620000000000_RAM
526 _a0
_b0
_c0
_d624_177620000000000_RAM
526 _a0
_b0
_c0
_d624_177620000000000_RAM
526 _a0
_b0
_c0
_d624_177620000000000_RAM
650 0 _aMCE
_9379
650 0 _aReinforced concrete construction.
650 0 _aRoofs, Shell.
_926931
942 _2ddc
_cBK
999 _c546779
_d546779